000 00509nam a2200193Ia 4500
999 _c32579
_d32579
003 OSt
005 20200724142102.0
008 190216s9999||||xx |||||||||||||| ||und||
020 _a9789380250656
040 _coclc
082 _a515
_bTAO/A
100 _aTao, Terence
_93744
245 0 _aAnalysis 2 /
_cTerence Tao
250 _a3rd Ed.
260 _bHindusthan Book Agency,
_c2014.
_aDelhi:
300 _a218p
650 _aAnalysis
942 _cBK
_2ddc
_h515
_iTAO/A
_k515
_mTAO/A